| 000 | 00000nam##2200000za#4500 |
| 001 | 9.599549 |
| 003 | CaOODSP |
| 005 | 20240501092931 |
| 007 | cr ||||||||||| |
| 008 | 150406|1998||||xxc|||||o f|0| 0 fre|d |
| 040 | |aCaOODSP|bfre |
| 043 | |an-cn--- |
| 086 | 1 |aPS83-3/68F-PDF |
| 110 | 2 |aService correctionnel Canada. |
| 245 | 10|aProcédure d'examen expéditif de la mise en libération conditionnelle : |h[ressource électronique]|bles objectifs sont-ils atteints? / |c[par] Brian A. Grant. |
| 260 | |bService correctionnel Canada |cFévrier 1998. |
| 300 | |a86p.|bgraphiques, références, tableaux |
| 490 | 1 |aRapport de recherche|v[R-68] |
| 590 | |a10-12-Supp|b2010-11-18 |
| 775 | 08|tAccelerated parole review : |w(CaOODSP)9.568259 |
| 830 | #0|aRapport de recherche (Service correctionnel Canada. Direction de la recherche)|v[R-68]|w(CaOODSP)9.502465 |
| 856 | 40|ahttp://publications.gc.ca|qPDF|s162 Ko|uhttps://publications.gc.ca/collections/collection_2010/scc-csc/PS83-3-68-fra.pdf|y[R-68] |